[Event "escc2023_50"]
[Site "?"]
[Date "2023.05.29"]
[Round "4.7"]
[White "Van Der Werf, Mark"]
[Black "Lasinskas, Povilas"]
[Result "1-0"]
[BlackElo "2131"]
[WhiteElo "2396"]
[LiveChessVersion "1.4.8"]

1. d4 {[%clk 1:30:56]} Nf6 {[%clk 1:30:41]} 2. c4 {[%clk 1:31:22]} e6
{[%clk 1:30:44]} 3. Nc3 {[%clk 1:31:44]} Bb4 {[%clk 1:31:04]} 4. e3
{[%clk 1:32:10]} b6 {[%clk 1:31:07]} 5. Nge2 {[%clk 1:32:32]} Bb7
{[%clk 1:31:31]} 6. a3 {[%clk 1:32:50]} Bxc3+ {[%clk 1:31:43]} 7. Nxc3
{[%clk 1:33:10]} O-O {[%clk 1:32:05]} 8. Bd3 {[%clk 1:31:01]} d5 {[%clk 1:28:07]}
9. O-O {[%clk 1:28:56]} Nbd7 {[%clk 1:28:24]} 10. b4 {[%clk 1:22:35]} c5
{[%clk 1:18:28]} 11. bxc5 {[%clk 1:12:34]} bxc5 {[%clk 1:17:59]} 12. Rb1
{[%clk 0:59:07]} Bc6 {[%clk 1:15:20]} 13. cxd5 {[%clk 0:58:23]} exd5
{[%clk 1:11:47]} 14. a4 {[%clk 0:54:44]} c4 {[%clk 1:07:02]} 15. Bc2
{[%clk 0:55:08]} a6 {[%clk 1:05:53]} 16. Ba3 {[%clk 0:52:21]} Re8
{[%clk 1:06:14]} 17. e4 {[%clk 0:51:13]} Nf8 {[%clk 0:51:46]} 18. e5
{[%clk 0:51:37]} N6d7 {[%clk 0:46:10]} 19. Bd6 {[%clk 0:47:58]} Re6
{[%clk 0:41:40]} 20. f4 {[%clk 0:40:38]} Rxd6 {[%clk 0:38:46]} 21. exd6
{[%clk 0:40:45]} Qf6 {[%clk 0:39:11]} 22. f5 {[%clk 0:40:57]} Qxd6
{[%clk 0:39:23]} 23. Qd2 {[%clk 0:39:43]} Qf6 {[%clk 0:28:25]} 24. Ne2
{[%clk 0:37:06]} h6 {[%clk 0:27:40]} 25. Ng3 {[%clk 0:36:18]} Nh7
{[%clk 0:27:29]} 26. Nh5 {[%clk 0:33:29]} Qh4 {[%clk 0:27:18]} 27. Nf4
{[%clk 0:33:42]} Qf6 {[%clk 0:23:25]} 28. Rfe1 {[%clk 0:31:35]} Rc8
{[%clk 0:22:43]} 29. Re2 {[%clk 0:30:49]} Ng5 {[%clk 0:21:55]} 30. Nh5
{[%clk 0:22:57]} Qd8 {[%clk 0:19:53]} 31. Rbe1 {[%clk 0:19:43]} Ne4
{[%clk 0:19:37]} 32. Bxe4 {[%clk 0:19:47]} dxe4 {[%clk 0:20:01]} 33. d5
{[%clk 0:19:49]} Bxa4 {[%clk 0:19:44]} 34. Rxe4 {[%clk 0:19:49]} Nf6
{[%clk 0:18:57]} 35. Nxf6+ {[%clk 0:19:10]} Qxf6 {[%clk 0:19:19]} 36. Qf4
{[%clk 0:15:43]} Bb5 {[%clk 0:17:59]} 37. Qe5 {[%clk 0:13:56]} Qb6+
{[%clk 0:16:17]} 38. Qd4 {[%clk 0:13:50]} Qxd4+ {[%clk 0:11:51]} 39. Rxd4
{[%clk 0:14:16]} c3 {[%clk 0:12:05]} 40. Rc1 {[%clk 0:13:34]} Kf8
{[%clk 0:10:20]} 41. d6 {[%clk 0:12:55]} Bd7 {[%clk 0:09:36]} 42. g4
{[%clk 0:13:02]} h5 {[%clk 0:09:42]} 43. h3 {[%clk 0:13:23]} hxg4
{[%clk 0:10:02]} 44. hxg4 {[%clk 0:13:42]} c2 {[%clk 0:09:13]} 45. Kf2
{[%clk 0:09:56]} f6 {[%clk 0:05:13]} 46. Ke3 {[%clk 0:07:46]} g6 {[%clk 0:04:34]}
47. fxg6 {[%clk 0:07:56]} Kg7 {[%clk 0:04:38]} 48. Rd2 {[%clk 0:27:33]} Kxg6
{[%clk 0:24:46]} 49. Rcxc2 {[%clk 0:27:44]} Re8+ {[%clk 0:22:01]} 50. Kf4
{[%clk 0:24:45]} Kf7 {[%clk 0:17:52]} 51. Rc7 {[%clk 0:19:35]} Ke6
{[%clk 0:18:09]} 52. Ra7 {[%clk 0:18:21]} Rd8 {[%clk 0:06:11]} 53. Re2+
{[%clk 0:14:45]} Kd5 {[%clk 0:05:14]} 54. Rd2+ {[%clk 0:13:57]} Ke6
{[%clk 0:05:32]} 55. Rxa6 {[%clk 0:14:23]} Rb8 {[%clk 0:05:56]} 56. Rd4
{[%clk 0:13:04]} Rb1 {[%clk 0:02:17]} 57. Ra3 {[%clk 0:10:31]} Rb5
{[%clk 0:00:44]} 58. Re3+ {[%clk 0:08:18]} Re5 {[%clk 0:01:06]} 59. Rh3
{[%clk 0:06:58]} Rd5 {[%clk 0:00:31]} 60. Rxd5 {[%clk 0:06:57]} Kxd5
{[%clk 0:00:56]} 61. Rh6 {[%clk 0:07:10]} Kxd6 {[%clk 0:01:05]} 62. Rxf6+
{[%clk 0:07:33]} Ke7 {[%clk 0:01:30]} 63. g5 {[%clk 0:07:30]} 1-0

[Event "escc2023_50"]
[Site "?"]
[Date "2023.05.29"]
[Round "4.8"]
[White "Dishman, Stephen"]
[Black "Lacasa Diaz, Jose Antonio"]
[Result "1/2-1/2"]
[BlackElo "2359"]
[WhiteElo "2259"]
[LiveChessVersion "1.4.8"]

1. d4 {[%clk 1:30:53]} d5 {[%clk 1:30:36]} 2. c4 {[%clk 1:31:00]} e6
{[%clk 1:31:00]} 3. Nf3 {[%clk 1:31:21]} a6 {[%clk 1:31:12]} 4. g3
{[%clk 1:30:36]} dxc4 {[%clk 1:31:23]} 5. Bg2 {[%clk 1:30:00]} b5
{[%clk 1:30:56]} 6. Ne5 {[%clk 1:28:12]} c6 {[%clk 1:31:07]} 7. O-O
{[%clk 1:27:33]} Bb7 {[%clk 1:30:56]} 8. b3 {[%clk 1:26:35]} cxb3
{[%clk 1:30:44]} 9. Qxb3 {[%clk 1:25:46]} Nf6 {[%clk 1:30:05]} 10. Rd1
{[%clk 1:21:08]} Be7 {[%clk 1:29:29]} 11. Nc3 {[%clk 1:19:56]} O-O
{[%clk 1:28:32]} 12. Bg5 {[%clk 1:15:38]} h6 {[%clk 1:10:35]} 13. Bxf6
{[%clk 1:13:47]} gxf6 {[%clk 1:09:16]} 14. Ng4 {[%clk 0:48:11]} h5
{[%clk 1:05:45]} 15. Ne3 {[%clk 0:48:32]} Kg7 {[%clk 1:01:20]} 16. d5
{[%clk 0:45:25]} Qc8 {[%clk 0:54:44]} 17. dxe6 {[%clk 0:36:00]} fxe6
{[%clk 0:52:49]} 18. Ne4 {[%clk 0:30:36]} c5 {[%clk 0:52:29]} 19. Nd6
{[%clk 0:30:31]} Bxd6 {[%clk 0:52:45]} 20. Bxb7 {[%clk 0:30:25]} Qxb7
{[%clk 0:52:43]} 21. Rxd6 {[%clk 0:30:49]} c4 {[%clk 0:51:26]} 22. Qc2
{[%clk 0:28:11]} Re8 {[%clk 0:49:57]} 23. Rad1 {[%clk 0:27:29]} Qf7
{[%clk 0:46:13]} 24. Ng2 {[%clk 0:23:33]} Ra7 {[%clk 0:44:50]} 25. Nf4
{[%clk 0:20:49]} Ree7 {[%clk 0:40:35]} 26. Qe4 {[%clk 0:19:53]} Rad7
{[%clk 0:40:33]} 27. Rxd7 {[%clk 0:14:23]} Nxd7 {[%clk 0:38:20]} 28. Qc6
{[%clk 0:13:12]} e5 {[%clk 0:35:54]} 29. Nxh5+ {[%clk 0:10:35]} Qxh5
{[%clk 0:35:42]} 30. Rxd7 {[%clk 0:11:00]} Qe8 {[%clk 0:32:15]} 31. Rxe7+
{[%clk 0:10:35]} Qxe7 {[%clk 0:32:39]} 32. h4 {[%clk 0:10:02]} e4
{[%clk 0:21:41]} 33. Kg2 {[%clk 0:06:38]} Qe5 {[%clk 0:18:08]} 34. Qd7+
{[%clk 0:05:59]} Kf8 {[%clk 0:17:58]} 35. Qd8+ {[%clk 0:05:14]} Kf7
{[%clk 0:17:56]} 36. Qd7+ {[%clk 0:05:14]} Qe7 {[%clk 0:13:36]} 37. Qc6
{[%clk 0:04:25]} Qe6 {[%clk 0:13:29]} 38. Qc7+ {[%clk 0:04:22]} Qe7
{[%clk 0:09:03]} 39. Qc6 {[%clk 0:04:43]} Qe6 {[%clk 0:08:08]} 1/2-1/2

[Event "escc2023_50"]
[Site "?"]
[Date "2023.05.29"]
[Round "4.9"]
[White "Dieu, Bruno"]
[Black "Mrva, Martin"]
[Result "1/2-1/2"]
[BlackElo "2353"]
[WhiteElo "2251"]
[LiveChessVersion "1.4.8"]

1. d4 {[%clk 1:30:55]} Nf6 {[%clk 1:30:54]} 2. c4 {[%clk 1:31:11]} g6
{[%clk 1:31:17]} 3. Nc3 {[%clk 1:31:35]} Bg7 {[%clk 1:31:41]} 4. e4
{[%clk 1:31:59]} d6 {[%clk 1:32:06]} 5. Nge2 {[%clk 1:32:06]} c5 {[%clk 1:28:37]}
6. d5 {[%clk 1:32:16]} h5 {[%clk 1:26:19]} 7. Bg5 {[%clk 1:27:03]} Nbd7
{[%clk 1:18:51]} 8. h3 {[%clk 1:18:01]} Qa5 {[%clk 1:01:00]} 9. Bd2
{[%clk 1:15:22]} a6 {[%clk 0:57:06]} 10. Nf4 {[%clk 1:13:55]} Ne5
{[%clk 0:53:52]} 11. b3 {[%clk 1:06:07]} Bh6 {[%clk 0:35:17]} 12. Nd3
{[%clk 0:59:23]} Rb8 {[%clk 0:28:56]} 13. Nxe5 {[%clk 0:43:37]} dxe5
{[%clk 0:28:26]} 14. Rc1 {[%clk 0:42:07]} Bxd2+ {[%clk 0:21:29]} 15. Qxd2
{[%clk 0:41:36]} h4 {[%clk 0:13:15]} 16. Be2 {[%clk 0:31:30]} Qc7
{[%clk 0:12:21]} 17. O-O {[%clk 0:31:44]} g5 {[%clk 0:07:48]} 18. d6
{[%clk 0:22:50]} Qxd6 {[%clk 0:04:51]} 19. Qxg5 {[%clk 0:23:02]} Be6
{[%clk 0:04:22]} 20. Rcd1 {[%clk 0:23:11]} Qc7 {[%clk 0:04:36]} 21. Kh2
{[%clk 0:22:34]} Rd8 {[%clk 0:03:49]} 22. Rxd8+ {[%clk 0:18:06]} Kxd8
{[%clk 0:04:14]} 23. Rd1+ {[%clk 0:18:22]} Ke8 {[%clk 0:04:21]} 24. Bf3
{[%clk 0:17:19]} Kf8 {[%clk 0:04:13]} 25. Kh1 {[%clk 0:17:24]} Ne8
{[%clk 0:02:29]} 26. Nd5 {[%clk 0:11:43]} Bxd5 {[%clk 0:02:56]} 27. Rxd5
{[%clk 0:12:09]} f6 {[%clk 0:03:14]} 28. Qf5 {[%clk 0:09:04]} Nd6
{[%clk 0:02:26]} 29. Qg6 {[%clk 0:08:25]} Qd7 {[%clk 0:02:20]} 30. Rxc5
{[%clk 0:07:47]} Qe8 {[%clk 0:02:33]} 31. Qg4 {[%clk 0:07:45]} Kf7
{[%clk 0:02:18]} 32. Rc7 {[%clk 0:06:28]} Qd8 {[%clk 0:02:41]} 33. Rc5
{[%clk 0:06:05]} Qb6 {[%clk 0:02:04]} 34. Rd5 {[%clk 0:05:14]} Qxf2
{[%clk 0:02:28]} 35. Rd1 {[%clk 0:04:40]} b6 {[%clk 0:02:20]} 36. Qd7
{[%clk 0:04:59]} Qc5 {[%clk 0:02:33]} 37. Rd5 {[%clk 0:04:07]} Qb4
{[%clk 0:03:01]} 38. Rd1 {[%clk 0:04:10]} a5 {[%clk 0:03:09]} 39. Bg4
{[%clk 0:04:26]} Nxe4 {[%clk 0:03:15]} 40. Kh2 {[%clk 0:04:10]} Ng5
{[%clk 0:02:37]} 41. Qf5 {[%clk 0:03:10]} Qc3 {[%clk 0:01:14]} 42. Kh1
{[%clk 0:01:28]} e4 {[%clk 0:27:04]} 43. Qd5+ {[%clk 0:28:54]} Kg7
{[%clk 0:26:58]} 44. Qd7 {[%clk 0:28:47]} Qb4 {[%clk 0:26:34]} 45. Rd5
{[%clk 0:25:28]} Nf7 {[%clk 0:21:27]} 46. Qc7 {[%clk 0:12:12]} e3
{[%clk 0:14:42]} 47. Kh2 {[%clk 0:11:17]} Rf8 {[%clk 0:09:13]} 48. Rb5
{[%clk 0:04:25]} Qd6+ {[%clk 0:06:43]} 49. Qxd6 {[%clk 0:04:51]} exd6
{[%clk 0:07:06]} 50. Rxb6 {[%clk 0:05:21]} Re8 {[%clk 0:07:19]} 51. Be2
{[%clk 0:05:40]} Re4 {[%clk 0:06:29]} 52. Kg1 {[%clk 0:02:26]} Rd4
{[%clk 0:06:21]} 53. Bh5 {[%clk 0:00:52]} Kh6 {[%clk 0:05:42]} 54. Rb5
{[%clk 0:01:09]} Ne5 {[%clk 0:05:51]} 55. Be2 {[%clk 0:01:13]} Rd2
{[%clk 0:05:23]} 56. Kf1 {[%clk 0:01:43]} Rxa2 {[%clk 0:05:42]} 57. Rd5
{[%clk 0:02:12]} Rb2 {[%clk 0:03:08]} 58. Rxd6 {[%clk 0:01:59]} Rxb3
{[%clk 0:03:22]} 59. Rxf6+ {[%clk 0:02:23]} Kg5 {[%clk 0:03:43]} 60. Rd6
{[%clk 0:02:51]} Rb1+ {[%clk 0:03:57]} 61. Bd1 {[%clk 0:03:16]} Nxc4
{[%clk 0:04:11]} 62. Rd5+ {[%clk 0:03:36]} Kf6 {[%clk 0:03:39]} 63. Ke2
{[%clk 0:03:44]} Rb2+ {[%clk 0:03:11]} 64. Kd3 {[%clk 0:03:44]} Ne5+
{[%clk 0:02:41]} 65. Kxe3 {[%clk 0:04:05]} Rxg2 {[%clk 0:03:02]} 66. Ke4
{[%clk 0:03:44]} Nf7 {[%clk 0:02:25]} 67. Rf5+ {[%clk 0:03:22]} Ke7
{[%clk 0:02:47]} 68. Rxa5 {[%clk 0:03:46]} Ng5+ {[%clk 0:02:56]} 69. Ke5
{[%clk 0:03:50]} Nxh3 {[%clk 0:03:17]} 70. Ra7+ {[%clk 0:04:08]} Kd8
{[%clk 0:03:16]} 71. Rh7 {[%clk 0:02:45]} Nf2 {[%clk 0:03:33]} 72. Rxh4
{[%clk 0:01:40]} Nxd1 {[%clk 0:03:57]} 73. Rh7 Nf2 1/2-1/2

[Event "escc2023_50"]
[Site "?"]
[Date "2023.05.29"]
[Round "4.10"]
[White "Contin, Daniel"]
[Black "Prie, Eric"]
[Result "1-0"]
[BlackElo "2352"]
[WhiteElo "2231"]
[LiveChessVersion "1.4.8"]

1. c4 {[%clk 1:30:21]} c6 {[%clk 1:30:53]} 2. e4 {[%clk 1:30:31]} d5
{[%clk 1:31:14]} 3. exd5 {[%clk 1:30:29]} cxd5 {[%clk 1:31:31]} 4. d4
{[%clk 1:30:53]} Nf6 {[%clk 1:31:52]} 5. Nc3 {[%clk 1:31:11]} Nc6
{[%clk 1:32:13]} 6. Bg5 {[%clk 1:31:22]} e6 {[%clk 1:32:34]} 7. c5
{[%clk 1:23:41]} Be7 {[%clk 1:32:20]} 8. Bb5 {[%clk 1:24:04]} O-O
{[%clk 1:32:38]} 9. Nf3 {[%clk 1:19:47]} Ne4 {[%clk 1:32:45]} 10. Bxe7
{[%clk 1:16:38]} Qxe7 {[%clk 1:32:50]} 11. Rc1 {[%clk 1:14:11]} e5
{[%clk 1:12:08]} 12. Nxd5 {[%clk 1:08:36]} Qd8 {[%clk 1:11:58]} 13. Bxc6
{[%clk 0:40:45]} bxc6 {[%clk 1:12:21]} 14. Nb4 {[%clk 0:40:34]} Qf6
{[%clk 0:40:27]} 15. O-O {[%clk 0:19:14]} Bg4 {[%clk 0:38:37]} 16. Qd3
{[%clk 0:05:00]} Bxf3 {[%clk 0:38:04]} 17. Qxf3 {[%clk 0:05:23]} Qxf3
{[%clk 0:38:25]} 18. gxf3 {[%clk 0:05:52]} Nd2 {[%clk 0:38:45]} 19. Nxc6
{[%clk 0:06:08]} Nxf1 {[%clk 0:38:34]} 20. Kxf1 {[%clk 0:04:22]} exd4
{[%clk 0:35:09]} 21. Ke2 {[%clk 0:04:51]} Rfe8+ {[%clk 0:35:05]} 22. Kd3
{[%clk 0:05:19]} Kf8 {[%clk 0:31:46]} 23. b4 {[%clk 0:05:40]} a6 {[%clk 0:28:15]}
24. a4 {[%clk 0:06:02]} Re6 {[%clk 0:28:15]} 25. Nxd4 {[%clk 0:05:51]} Rh6
{[%clk 0:28:37]} 26. b5 {[%clk 0:05:53]} axb5 {[%clk 0:24:26]} 27. axb5
{[%clk 0:06:22]} Rxh2 {[%clk 0:24:21]} 28. b6 {[%clk 0:06:23]} Rxf2
{[%clk 0:24:18]} 29. b7 {[%clk 0:03:32]} Rb8 {[%clk 0:24:32]} 30. Rb1
{[%clk 0:03:37]} Ke8 {[%clk 0:20:15]} 31. c6 {[%clk 0:03:39]} Kd8
{[%clk 0:20:20]} 32. Nb5 {[%clk 0:01:51]} Rxf3+ {[%clk 0:20:26]} 33. Ke4
{[%clk 0:02:20]} 1-0

[Event "escc2023_50"]
[Site "?"]
[Date "2023.05.29"]
[Round "4.11"]
[White "De Santis, Alessio"]
[Black "Sigfusson, Sigurdur"]
[Result "1-0"]
[BlackElo "2279"]
[WhiteElo "2117"]
[LiveChessVersion "1.4.8"]

1. d4 {[%clk 1:30:47]} Nf6 {[%clk 1:30:55]} 2. c4 {[%clk 1:31:07]} g6
{[%clk 1:31:21]} 3. Nc3 {[%clk 1:31:23]} Bg7 {[%clk 1:31:45]} 4. e4
{[%clk 1:31:44]} d6 {[%clk 1:32:11]} 5. Be2 {[%clk 1:32:03]} O-O {[%clk 1:32:20]}
6. Bg5 {[%clk 1:32:04]} c5 {[%clk 1:32:27]} 7. d5 {[%clk 1:32:26]} h6
{[%clk 1:32:18]} 8. Be3 {[%clk 1:32:19]} e6 {[%clk 1:32:37]} 9. Qd2
{[%clk 1:28:46]} exd5 {[%clk 1:32:58]} 10. cxd5 {[%clk 1:26:39]} Kh7
{[%clk 1:29:14]} 11. f3 {[%clk 1:26:51]} a6 {[%clk 1:27:21]} 12. a4
{[%clk 1:27:04]} Qa5 {[%clk 1:24:30]} 13. Ra3 {[%clk 1:27:16]} Nfd7
{[%clk 1:12:14]} 14. Nh3 {[%clk 1:24:30]} Nb6 {[%clk 1:07:56]} 15. Nf2
{[%clk 1:24:11]} N8d7 {[%clk 1:06:03]} 16. O-O {[%clk 0:52:09]} Ne5
{[%clk 1:03:09]} 17. Nb1 {[%clk 0:51:27]} Nbc4 {[%clk 0:44:58]} 18. Qxa5
{[%clk 0:50:40]} Nxa5 {[%clk 0:45:23]} 19. Nd2 {[%clk 0:46:28]} f5
{[%clk 0:43:21]} 20. f4 {[%clk 0:45:39]} Nd7 {[%clk 0:43:28]} 21. Rb1
{[%clk 0:45:20]} Nf6 {[%clk 0:41:52]} 22. Nc4 {[%clk 0:05:42]} Nxc4
{[%clk 0:40:58]} 23. Bxc4 {[%clk 0:06:10]} Nxe4 {[%clk 0:36:53]} 24. Nxe4
{[%clk 0:06:13]} fxe4 {[%clk 0:37:18]} 25. b4 {[%clk 0:06:37]} b6
{[%clk 0:32:17]} 26. bxc5 {[%clk 0:07:04]} bxc5 {[%clk 0:32:40]} 27. Rb6
{[%clk 0:07:30]} Rd8 {[%clk 0:32:21]} 28. a5 {[%clk 0:07:50]} Ra7
{[%clk 0:28:44]} 29. Rab3 {[%clk 0:07:11]} Bd4 {[%clk 0:28:24]} 30. Kf2
{[%clk 0:07:17]} Kg7 {[%clk 0:17:45]} 31. Rc6 {[%clk 0:06:51]} Rf7
{[%clk 0:16:36]} 32. Ke2 {[%clk 0:06:22]} Rdf8 {[%clk 0:12:37]} 33. Bxa6
{[%clk 0:03:59]} Bg4+ {[%clk 0:05:04]} 34. Kd2 {[%clk 0:04:11]} Bxe3+
{[%clk 0:03:34]} 35. Kxe3 {[%clk 0:04:32]} Rxf4 {[%clk 0:03:54]} 36. Rb7+
{[%clk 0:04:17]} R4f7 {[%clk 0:03:12]} 37. Rxd6 {[%clk 0:04:33]} Ra8
{[%clk 0:02:56]} 38. Rbb6 {[%clk 0:04:37]} g5 {[%clk 0:01:59]} 39. Rg6+
{[%clk 0:04:54]} Kf8 {[%clk 0:01:45]} 40. Rxh6 {[%clk 0:05:12]} Raa7
{[%clk 0:01:26]} 41. Rhg6 {[%clk 0:03:41]} Rf5 {[%clk 0:28:14]} 42. h3
{[%clk 0:26:08]} Bh5 {[%clk 0:28:29]} 43. Rb8+ {[%clk 0:26:07]} Kf7
{[%clk 0:28:36]} 44. Rgb6 {[%clk 0:26:10]} 1-0

[Event "escc2023_50"]
[Site "?"]
[Date "2023.05.29"]
[Round "4.12"]
[White "Atalik, Suat"]
[Black "Minnican, Alan"]
[Result "1-0"]
[BlackElo "2052"]
[WhiteElo "2441"]
[LiveChessVersion "1.4.8"]

1. d4 {[%clk 1:30:54]} Nf6 {[%clk 1:30:45]} 2. c4 {[%clk 1:31:13]} c5
{[%clk 1:30:55]} 3. d5 {[%clk 1:31:36]} b5 {[%clk 1:31:08]} 4. cxb5
{[%clk 1:31:03]} a6 {[%clk 1:31:23]} 5. f3 {[%clk 1:29:08]} e6 {[%clk 1:30:43]}
6. e4 {[%clk 1:29:24]} d6 {[%clk 1:22:47]} 7. dxe6 {[%clk 1:25:25]} fxe6
{[%clk 1:15:59]} 8. Nh3 {[%clk 1:10:03]} Be7 {[%clk 1:02:36]} 9. Nf4
{[%clk 1:04:21]} O-O {[%clk 0:47:51]} 10. Nc3 {[%clk 0:59:32]} g5
{[%clk 0:46:34]} 11. Nh3 {[%clk 0:59:39]} h6 {[%clk 0:44:46]} 12. e5
{[%clk 0:51:31]} dxe5 {[%clk 0:36:20]} 13. Qc2 {[%clk 0:51:27]} Kg7
{[%clk 0:34:37]} 14. Nf2 {[%clk 0:49:03]} Bb7 {[%clk 0:32:45]} 15. Bd2
{[%clk 0:44:19]} axb5 {[%clk 0:29:30]} 16. Bxb5 {[%clk 0:43:50]} Nc6
{[%clk 0:29:34]} 17. Bxc6 {[%clk 0:43:45]} Bxc6 {[%clk 0:29:59]} 18. Nce4
{[%clk 0:36:05]} Qd5 {[%clk 0:26:04]} 19. O-O {[%clk 0:32:41]} Rfd8
{[%clk 0:18:51]} 20. Bc3 {[%clk 0:30:31]} c4 {[%clk 0:14:24]} 21. Nxf6
{[%clk 0:23:48]} Bxf6 {[%clk 0:13:51]} 22. Ng4 {[%clk 0:24:09]} Ba4
{[%clk 0:09:03]} 23. Qe2 {[%clk 0:20:36]} Qd3 {[%clk 0:06:25]} 24. Qe4
{[%clk 0:19:23]} Rd5 {[%clk 0:03:45]} 25. Rae1 {[%clk 0:13:54]} Bc2
{[%clk 0:03:32]} 26. Rf2 {[%clk 0:11:55]} Qxc3 {[%clk 0:03:27]} 27. bxc3
{[%clk 0:12:20]} Bxe4 {[%clk 0:03:50]} 28. fxe4 {[%clk 0:12:46]} 1-0

[Event "escc2023_50"]
[Site "?"]
[Date "2023.05.29"]
[Round "4.13"]
[White "Melikhov, Evgeny V."]
[Black "Ceccarini, Marco"]
[Result "1/2-1/2"]
[BlackElo "2027"]
[WhiteElo "2269"]
[LiveChessVersion "1.4.8"]

1. d4 {[%clk 1:30:50]} Nf6 {[%clk 1:30:38]} 2. c4 {[%clk 1:30:45]} c5
{[%clk 1:30:49]} 3. d5 {[%clk 1:30:32]} e6 {[%clk 1:31:02]} 4. Nc3
{[%clk 1:30:18]} exd5 {[%clk 1:30:54]} 5. cxd5 {[%clk 1:30:41]} d6
{[%clk 1:30:47]} 6. Nf3 {[%clk 1:30:48]} g6 {[%clk 1:30:21]} 7. h3
{[%clk 1:30:59]} Bg7 {[%clk 1:29:36]} 8. e4 {[%clk 1:31:09]} O-O {[%clk 1:29:34]}
9. Bd3 {[%clk 1:30:58]} b5 {[%clk 1:29:27]} 10. Nxb5 {[%clk 1:25:20]} Re8
{[%clk 1:27:24]} 11. O-O {[%clk 1:21:41]} Nxe4 {[%clk 1:25:20]} 12. Re1
{[%clk 1:21:23]} a6 {[%clk 1:23:54]} 13. Na3 {[%clk 1:19:10]} Nf6
{[%clk 1:20:24]} 14. Rxe8+ {[%clk 1:18:46]} Nxe8 {[%clk 1:18:08]} 15. Nc4
{[%clk 1:15:50]} Bb7 {[%clk 1:01:33]} 16. Bf4 {[%clk 1:13:34]} Bxd5
{[%clk 0:50:38]} 17. Qe2 {[%clk 0:51:18]} Nc6 {[%clk 0:38:53]} 18. Ne3
{[%clk 0:37:26]} Bxf3 {[%clk 0:33:48]} 19. Qxf3 {[%clk 0:37:23]} Nd4
{[%clk 0:31:26]} 1/2-1/2

[Event "escc2023_50"]
[Site "?"]
[Date "2023.05.29"]
[Round "4.14"]
[White "Kirszenberg, Marc"]
[Black "Wacker, Peter"]
[Result "1/2-1/2"]
[BlackElo "2265"]
[WhiteElo "1984"]
[LiveChessVersion "1.4.8"]

1. d4 {[%clk 1:30:57]} d5 {[%clk 1:30:55]} 2. c4 {[%clk 1:31:21]} e6
{[%clk 1:31:11]} 3. Nc3 {[%clk 1:31:47]} Nf6 {[%clk 1:31:24]} 4. cxd5
{[%clk 1:32:13]} exd5 {[%clk 1:31:50]} 5. Bg5 {[%clk 1:32:39]} Bb4
{[%clk 1:32:06]} 6. Nf3 {[%clk 1:28:15]} h6 {[%clk 1:30:22]} 7. Bxf6
{[%clk 1:26:53]} Qxf6 {[%clk 1:30:41]} 8. Qa4+ {[%clk 1:27:11]} Nc6
{[%clk 1:30:29]} 9. Ne5 {[%clk 1:27:34]} O-O {[%clk 1:29:47]} 10. Nxc6
{[%clk 1:27:53]} Bxc3+ {[%clk 1:30:03]} 11. bxc3 {[%clk 1:28:17]} bxc6
{[%clk 1:25:09]} 12. g3 {[%clk 1:19:58]} Re8 {[%clk 1:18:26]} 13. Bg2
{[%clk 1:20:00]} a5 {[%clk 1:17:14]} 14. O-O {[%clk 1:18:48]} Ba6
{[%clk 1:03:20]} 15. Bf3 {[%clk 1:12:36]} Bxe2 {[%clk 0:59:31]} 16. Bxe2
{[%clk 1:12:59]} Rxe2 {[%clk 0:59:57]} 17. Rae1 {[%clk 1:13:18]} Rb2
{[%clk 0:52:07]} 18. Re3 {[%clk 1:10:19]} Qd6 {[%clk 0:41:49]} 19. Rfe1
{[%clk 1:10:20]} g6 {[%clk 0:40:54]} 20. h4 {[%clk 1:08:46]} Qf6 {[%clk 0:33:59]}
21. Rf1 {[%clk 1:04:15]} Qd6 {[%clk 0:34:02]} 22. Rfe1 {[%clk 1:04:19]} Kg7
{[%clk 0:33:24]} 23. Re5 {[%clk 1:01:45]} Rd2 {[%clk 0:30:31]} 24. R5e2
{[%clk 0:59:30]} Rxe2 {[%clk 0:30:00]} 25. Rxe2 {[%clk 0:59:57]} c5
{[%clk 0:27:08]} 26. dxc5 {[%clk 0:56:04]} Qxc5 {[%clk 0:27:24]} 27. Qd7
{[%clk 0:56:27]} Qxc3 {[%clk 0:24:42]} 28. Qxd5 {[%clk 0:56:51]} c6
{[%clk 0:23:02]} 29. Qd6 {[%clk 0:55:39]} Qc4 {[%clk 0:22:48]} 30. Qe5+
{[%clk 0:55:35]} Kg8 {[%clk 0:23:11]} 31. h5 {[%clk 0:55:22]} g5 {[%clk 0:19:43]}
32. Rb2 {[%clk 0:51:29]} Qd3 {[%clk 0:12:48]} 33. Kg2 {[%clk 0:37:37]} Rd8
{[%clk 0:12:00]} 34. Qxa5 {[%clk 0:35:10]} Re8 {[%clk 0:07:57]} 35. Qd2
{[%clk 0:27:53]} Qf5 {[%clk 0:08:22]} 36. Rb4 {[%clk 0:20:23]} Qd5+
{[%clk 0:05:09]} 1/2-1/2

[Event "escc2023_50"]
[Site "?"]
[Date "2023.05.29"]
[Round "4.16"]
[White "Folk, Petr"]
[Black "Battistella, Stefano"]
[Result "1/2-1/2"]
[BlackElo "2006"]
[WhiteElo "2135"]
[LiveChessVersion "1.4.8"]

1. e4 {[%clk 1:30:52]} c5 {[%clk 1:30:53]} 2. Nf3 {[%clk 1:31:11]} Nc6
{[%clk 1:31:16]} 3. d4 {[%clk 1:31:36]} cxd4 {[%clk 1:31:39]} 4. Nxd4
{[%clk 1:32:01]} e5 {[%clk 1:32:04]} 5. Nb5 {[%clk 1:32:18]} d6 {[%clk 1:32:26]}
6. N1c3 {[%clk 1:32:28]} a6 {[%clk 1:32:35]} 7. Na3 {[%clk 1:32:49]} Be6
{[%clk 1:32:48]} 8. Nc4 {[%clk 1:31:58]} b5 {[%clk 1:33:08]} 9. Ne3
{[%clk 1:31:59]} Nf6 {[%clk 1:33:20]} 10. a3 {[%clk 1:20:44]} Be7
{[%clk 1:24:33]} 11. g3 {[%clk 1:17:06]} O-O {[%clk 1:23:32]} 12. Bg2
{[%clk 1:15:28]} Rb8 {[%clk 1:18:52]} 13. Ncd5 {[%clk 1:06:16]} a5
{[%clk 1:10:16]} 14. O-O {[%clk 1:03:04]} b4 {[%clk 0:59:55]} 15. axb4
{[%clk 0:48:22]} axb4 {[%clk 0:55:38]} 16. Ra6 {[%clk 0:42:31]} Bxd5
{[%clk 0:53:07]} 17. Nxd5 {[%clk 0:39:46]} Nxd5 {[%clk 0:47:49]} 18. Rxc6
{[%clk 0:36:03]} Nc7 {[%clk 0:47:29]} 19. Be3 {[%clk 0:34:34]} Qd7
{[%clk 0:44:25]} 20. Rc4 {[%clk 0:34:09]} Rb7 {[%clk 0:30:23]} 21. Qd2
{[%clk 0:31:16]} Qb5 {[%clk 0:30:19]} 22. b3 {[%clk 0:30:49]} Ra8
{[%clk 0:28:23]} 23. Rd1 {[%clk 0:30:09]} Rab8 {[%clk 0:15:14]} 24. Ra1
{[%clk 0:25:30]} h6 {[%clk 0:13:44]} 25. Ra4 {[%clk 0:23:08]} d5 {[%clk 0:08:35]}
26. exd5 {[%clk 0:21:10]} Bd6 {[%clk 0:08:59]} 27. Bxh6 {[%clk 0:14:05]} Ne8
{[%clk 0:05:39]} 28. Be3 {[%clk 0:12:54]} Nc7 {[%clk 0:02:33]} 29. Rc6
{[%clk 0:12:33]} Rd8 {[%clk 0:02:58]} 30. Ra1 {[%clk 0:11:12]} Rbb8
{[%clk 0:02:15]} 31. Rd1 {[%clk 0:10:33]} Ne8 {[%clk 0:01:54]} 32. Bf1
{[%clk 0:10:32]} Qb7 {[%clk 0:01:14]} 33. Ra6 {[%clk 0:07:49]} Ra8
{[%clk 0:01:29]} 34. Rda1 {[%clk 0:07:15]} Rxa6 {[%clk 0:01:36]} 35. Rxa6
{[%clk 0:07:39]} Ra8 {[%clk 0:01:29]} 36. Rxa8 {[%clk 0:06:36]} Qxa8
{[%clk 0:01:57]} 37. Bb5 {[%clk 0:04:29]} Nf6 {[%clk 0:02:03]} 38. Bc6
{[%clk 0:04:09]} Qa1+ {[%clk 0:02:26]} 39. Kg2 {[%clk 0:03:19]} Ne4
{[%clk 0:01:32]} 40. Qd3 {[%clk 0:02:10]} Nf6 {[%clk 0:01:01]} 41. h3
{[%clk 0:27:22]} e4 {[%clk 0:16:45]} 42. Qd4 {[%clk 0:25:12]} Qa6
{[%clk 0:10:59]} 43. Qc4 {[%clk 0:18:02]} Qc8 {[%clk 0:10:58]} 44. Bc5
{[%clk 0:16:22]} Be5 {[%clk 0:04:51]} 45. Bxb4 {[%clk 0:11:57]} e3
{[%clk 0:02:59]} 46. fxe3 {[%clk 0:10:56]} Qf5 {[%clk 0:02:44]} 47. g4
{[%clk 0:06:40]} Qg5 {[%clk 0:03:13]} 48. Bc3 {[%clk 0:04:33]} Qxe3
{[%clk 0:03:17]} 49. Bxe5 {[%clk 0:04:39]} Ne4 {[%clk 0:03:16]} 50. Qd4
{[%clk 0:03:08]} Qe2+ {[%clk 0:03:26]} 51. Kg1 {[%clk 0:03:08]} Qe1+
{[%clk 0:01:39]} 52. Kg2 {[%clk 0:03:14]} Qe2+ {[%clk 0:02:02]} 53. Kg1
{[%clk 0:02:51]} Qe1+ {[%clk 0:02:24]} 54. Kh2 {[%clk 0:02:23]} Qe2+
{[%clk 0:02:30]} 55. Kg1 {[%clk 0:02:23]} 1/2-1/2